Library Banner

Urban wind environment : (Record no. 112466)

MARC details
000 -LEADER
fixed length control field 00463nam a22001695i 4500
001 - CONTROL NUMBER
control field 20228224
005 - DATE AND TIME OF LATEST TRANSACTION
control field 20190601103546.0
008 - FIXED-LENGTH DATA ELEMENTS--GENERAL INFORMATION
fixed length control field 171221s2018 nyu 000 0 eng
020 ## - INTERNATIONAL STANDARD BOOK NUMBER
International Standard Book Number 9789811054501
040 ## - CATALOGING SOURCE
Transcribing agency PK-LaUMT
082 ## - DEWEY DECIMAL CLASSIFICATION NUMBER
Classification number 712
Item number YUA-U
100 ## - MAIN ENTRY--PERSONAL NAME
Personal name Yuan, Chao
245 00 - TITLE STATEMENT
Title Urban wind environment :
Remainder of title integrated climate-sensitive planning and design /
Statement of responsibility, etc by Chao Yuan
260 ## - PUBLICATION, DISTRIBUTION, ETC. (IMPRINT)
Place of publication, distribution, etc Singapore :
Name of publisher, distributor, etc Springer,
Date of publication, distribution, etc 2018
300 ## - PHYSICAL DESCRIPTION
Extent 171 p.
942 ## - ADDED ENTRY ELEMENTS (KOHA)
Koha item type Books
Holdings
Withdrawn status Lost status Damaged status Home library Current library Date acquired Full call number Barcode Date last seen Price effective from Koha item type Copy number
      UMT Main Campus UMT Main Campus 2019-05-13 712 YUA-U 129823 2019-05-13 2019-05-13 Books  
      UMT Main Campus UMT Main Campus 2019-05-16 712 YUA-U 128795 2019-05-16 2019-05-16 Books C. 2
      UMT Main Campus UMT Main Campus 2020-09-19 712 YUA-U 134982 2022-03-22 2020-09-19 Books C.3